000
00326nam a2200133Ia 4500
005
20260328101506.0
008
260328s9999||||xx |||||||||||||| ||und||
100
_a
Bush-Brown, Albert
245
0
_a
Louis Sullivan /
_c
Albert Bush-Brown
260
_b
George Brazilier
300
_a
128 p.
650
_a
ARQUITECTOS
942
_c
BK
999
_c
9042
_d
9042